|
|
|
|
| LEADER |
00000nab a2200000 a 4500 |
| 001 |
vtls000792276 |
| 003 |
SK-MaSNL |
| 005 |
20260304110456.0 |
| 008 |
250429c2002 xo 0 slo |
| 015 |
|
|
|a SNBRB2002/04-14837
|
| 035 |
|
|
|a CLN000143931
|
| 035 |
|
|
|a urn:nbn:sk:snk-ab21er
|
| 035 |
|
|
|a (urnnbn)urn:nbn:sk:snk:ar-a01eln
|
| 035 |
|
|
|a (uuid)226f6dd8-f5a5-4910-a3a7-b9551acbb7a2
|
| 040 |
|
|
|a SNKBUCL
|b slo
|c SNKBUCL
|e AACR2
|
| 041 |
0 |
|
|a slo
|
| 044 |
|
|
|a xo
|c SK
|
| 080 |
|
|
|a 7.097:78
|2 1997
|
| 080 |
|
|
|a 78:7.097
|2 1997
|
| 100 |
1 |
|
|a Földešová, Marta,
|d 1948-
|4 aut
|9 6116
|
| 245 |
1 |
0 |
|a Zo slovenských obrazoviek
|c Marta Földešová
|
| 610 |
2 |
7 |
|a Slovenská televízia
|2 snkbucl
|9 115516
|
| 651 |
|
7 |
|a Bratislava (Slovensko)
|2 snkbucl
|
| 655 |
|
7 |
|a články z novín a časopisov
|2 snkbucl
|9 267496
|
| 773 |
0 |
|
|t Hudobný život
|g Roč. 34, č. 2 (2002), s. 25 a 32
|x 1335-4140
|
| 850 |
|
|
|a Slovenská národná knižnica
|
| 852 |
|
|
|a Slovenská národná knižnica
|
| 954 |
|
|
|a odborná, vedecká literatúra pôvodná (slovenská)
|2 lita
|
| 958 |
|
|
|a article27
|
| 958 |
|
|
|a OND
|
| 958 |
|
|
|a SK
|
| 958 |
|
|
|a EUIPO
|
| 992 |
|
|
|a RBX
|
| 999 |
|
|
|c 2860121
|d 2862051
|